Random Questions - Statistics

General Stats
  • This quiz has been taken 19 times
  • The average score is 4 of 10
Answer Stats
Question Answer % Correct
What is the most common favorite color Blue
75%
What is the most visited website (Not Google) Youtube
56%
What US State has the most schools California
50%
What is the highest selling cereal of all time Cheerios
50%
What is most common car brand Toyota
44%
How deep is the ocean (In feet) 35,876
38%
What is the third most common religion Hinduism
38%
What is the 7th largest country in the world India
38%
What is the most visited national park Yosemite National Park
25%
What is the 5th biggest company Amazon
19%
No matching quizzes found
Score Distribution
Percent of People with Each Score
Percentile by Number Answered
Your Score History
You have not taken this quiz